| Tag |
First Indicator |
Second Indicator |
Subfields |
| LEADER |
00000cam a22000005a 4500 |
| 001 |
in00003472239 |
| 005 |
20151206104706.0 |
| 008 |
840227s1982 mau 00010 eng d |
| 035 |
|
|
|a (OCoLC)ocm10462727
|
| 040 |
|
|
|a EYQ
|c EYQ
|d TNY
|d UtOrBLW
|
| 090 |
|
|
|a RA977.A3
|b I8 1982
|
| 100 |
1 |
|
|a Isaacs, Mareasa R.
|
| 245 |
1 |
4 |
|a The use of nursing homes as long-term care facilities for the chronically mentally ill /
|c Mareasa R. Isaacs.
|
| 264 |
|
1 |
|a Bethesda, Md. :
|b Alpha Center for Health Planning,
|c 1982.
|
| 300 |
|
|
|a 72 unnumbered pages ;
|c 28 cm.
|
| 336 |
|
|
|a text
|b txt
|2 rdacontent
|
| 337 |
|
|
|a unmediated
|b n
|2 rdamedia
|
| 338 |
|
|
|a volume
|b nc
|2 rdacarrier
|
| 504 |
|
|
|a Bibliography : pages 33-36.
|
| 533 |
|
|
|a Photocopy.
|b Springfield, Va. :
|c National Technical Information Service,
|d 1982.
|
| 650 |
|
0 |
|a Nursing homes.
|
| 650 |
|
0 |
|a Mental health facilities.
|
| 710 |
2 |
|
|a Alpha Center for Health Planning.
|
| 999 |
|
|
|a MARS
|
| 999 |
f |
f |
|s ad30d8e2-c88d-3989-bafe-1f9f2c8dd204
|i 42c393ad-a7e4-31d0-9ff0-ef9e79ccdad3
|t 0
|
| 952 |
f |
f |
|p ric
|a Texas A&M University
|b Rellis Campus
|c Joint Library Facility
|d Remote Storage
|t 0
|e RA977.A3 I8 1982
|h Library of Congress classification
|i unmediated -- volume
|m 32060003950116
|
| 998 |
f |
f |
|a RA977.A3 I8 1982
|t 0
|l Remote Storage
|